Тъмните реки на сърцето (Запис номер 496417)
[ съкратено ]
| 000 -Лидер | |
|---|---|
| Контролно поле с фиксирана дължина | 01137nam a2200325 a 4500 |
| 003 - Код на организацията, давaща контролен номер | |
| Контролно поле | BLK |
| 005 - Дата и час на последна редакция | |
| Контролно поле | 20231103005248.0 |
| 008 - Елементи от данни с фиксирана дължина | |
| fixed length control field | 220401b bu |||||||||| 00| | bu d |
| 020 ## - Международен стандартен номер на книга ISBN | |
| Международен стандартен номер на книга ISBN | 954-409-195-5 |
| 040 ## - Източник на каталожния запис | |
| Идентификатор на билиотеката - собственик на записа | BLK |
| 041 ## - Код за език | |
| Код за езика на текст/звукозапис или на отделно заглавие | Български |
| Код за езика КДБФ | Български |
| 080 ## - УДК | |
| Текстов определител УДК | Американска литература (на САЩ) |
| УДК код - определител по УДК | 821.111(73) |
| УДК определител | -31 |
| УДК - код + определител | 821.111(73)-31 |
| 100 ## - Редна дума - Автор | |
| R(LIN) | 242451 |
| Автор | Кунц, Дийн Р. |
| Авторска отговорност | първи автор |
| 139 ## - Редно поле | |
| Редна дума | Кунц, Дийн Р |
| Авторски знак | Ку - К 93 |
| 245 ## - Сведения за заглавието | |
| Заглавие | Тъмните реки на сърцето |
| Редно поле (дума) | Дийн Кунц ; прев. от англ. Юлия Чернева |
| 260 ## - Област на издателските данни | |
| 9 (RLIN) | 209469 |
| Място на издаване, разпространение и проч. | София |
| Име на издателя, разпространителя и проч. | Плеяда |
| Година на издаване | 2000 |
| Издателство - префикс ISBN | 978-954-409- |
| 300 ## - Физическа характеристика | |
| Страници | 574 с. |
| Размери/Мащаб | 20 см |
| 380 ## - Жанр | |
| Жанр | Худож. лит. |
| 490 ## - СЕРИИ (Колекции) | |
| 9 (RLIN) | 201386 |
| Име на серия | Трилър |
| 500 ## - Общи забележки | |
| Забележка | Ориг. загл. Dark rivers of the heart / Dean R. Koontz |
| 700 ## - Други автори (авторска отговорност) | |
| Лично име | Чернева, Юлия Недкова |
| Дати, свързани с автора | 1955- |
| Автороска отговорност (Описва отношението между автора и произведението) | прев. от англ. |
| 9 (RLIN) | 365526 |
| 856 ## - Електронен адрес и достъп | |
| Инструкция (цена за достъп) | 0.00 |
| Права за достъп | disable |
| 942 ## - АРТИКУЛИ | |
| Вид на библиотечния материал | Книги |
| Скрит в OPAC | Не |
| Периодичен библиозапис | Да |
| 944 ## - СЪЗДАВАНЕ И РЕДАКЦИЯ на ЗАПИСА | |
| Дата на регистрацията/редакция | Нора Радева |
| Служител, извършил регистрацията/редакцията | |
| Статус, дата на статуса | CRON CRON |
| 999 ## - СИСТЕМНИ КОНТРОЛНИ НОМЕРА | |
| Koha biblionumber | 496417 |
| Koha biblioitemnumber | 496417 |
| 999 ## - СИСТЕМНИ КОНТРОЛНИ НОМЕРА | |
| Koha biblioitemnumber | 496417 |
| 999 ## - СИСТЕМНИ КОНТРОЛНИ НОМЕРА | |
| Koha biblioitemnumber | 496416 |
| 999 ## - СИСТЕМНИ КОНТРОЛНИ НОМЕРА | |
| Koha biblioitemnumber | 451817 |
| 999 ## - СИСТЕМНИ КОНТРОЛНИ НОМЕРА | |
| Koha biblioitemnumber | 451817 |
| 999 ## - СИСТЕМНИ КОНТРОЛНИ НОМЕРА | |
| Koha biblioitemnumber | 451817 |
| Код за отписване | Код за изгубен артикул | Източник на класификационната схема | Код за повреда | Коз за рестрикции | Код за отдаване | Артикулен № | Име на библиотеката - собственик | Име на библиотеката, в която се намира в момента | Статус (Текущо местоположение) | Дата на вписване в системата | Местоположение - отдел | Цена в лева | Инвентарен номер | Систематично азбучна сигнатура | Баркод | Цена в евро | Служебен тип на артикула |
|---|---|---|---|---|---|---|---|---|---|---|---|---|---|---|---|---|---|
| Не е изгубен | Universal Decimal Classification | Не е повреден | само за читалня | ползва се в читалня | 934798 | Регионална библиотека "Любен Каравелов" Русе | Регионална библиотека "Любен Каравелов" Русе | Хранилище | 2023-10-24 | Основен фонд - ползва се само за читалня | 9.00 | 120000893961 | Цб 319686 | 120000893961 | 4.60 | Книги |